000 00297nam a22001337a 4500
008 181029b xxu||||| |||| 00| 0 eng d
020 _a0023437308
041 _aeng
080 _a610
100 _a4
101 _aSHM
245 _aOccupational Health Promotion
_cGirdano,D.A
942 _2udc
_cBK
999 _c51040
_d51040